<?xml version="1.0" encoding="UTF-8"?>
<record
    xmlns:xsi="http://www.w3.org/2001/XMLSchema-instance"
    xsi:schemaLocation="http://www.loc.gov/MARC21/slim http://www.loc.gov/standards/marcxml/schema/MARC21slim.xsd"
    xmlns="http://www.loc.gov/MARC21/slim">

  <leader>01200nam a22003618i 4500</leader>
  <controlfield tag="001">0008147437</controlfield>
  <controlfield tag="003">OSt</controlfield>
  <controlfield tag="005">20260530101507.0</controlfield>
  <controlfield tag="008">260424s2026    quc    j      00  0bfre  </controlfield>
  <datafield tag="020" ind1=" " ind2=" ">
    <subfield code="a">9782898592010</subfield>
  </datafield>
  <datafield tag="020" ind1=" " ind2=" ">
    <subfield code="a">2898592013</subfield>
  </datafield>
  <datafield tag="040" ind1=" " ind2=" ">
    <subfield code="a">QMBN</subfield>
    <subfield code="b">fre</subfield>
    <subfield code="e">rda</subfield>
    <subfield code="c">QMBN</subfield>
  </datafield>
  <datafield tag="043" ind1=" " ind2=" ">
    <subfield code="a">n-us---</subfield>
  </datafield>
  <datafield tag="050" ind1=" " ind2="4">
    <subfield code="a">GV848.5*</subfield>
  </datafield>
  <datafield tag="082" ind1="0" ind2="4">
    <subfield code="a">J 927.969 H981g</subfield>
  </datafield>
  <datafield tag="100" ind1="1" ind2=" ">
    <subfield code="a">Godin, Joanie,</subfield>
    <subfield code="d">1984-</subfield>
    <subfield code="e">auteur</subfield>
  </datafield>
  <datafield tag="245" ind1="1" ind2="0">
    <subfield code="a">Raconte-moi / Cole Caufield /</subfield>
    <subfield code="c">Joanie Godin</subfield>
  </datafield>
  <datafield tag="263" ind1=" " ind2=" ">
    <subfield code="a">202605</subfield>
  </datafield>
  <datafield tag="264" ind1=" " ind2="1">
    <subfield code="a">Blainville, Qu&#xEF;&#xBF;&#xBD;bec :</subfield>
    <subfield code="b">Boomerang &#xEF;&#xBF;&#xBD;diteur jeunesse,</subfield>
    <subfield code="c">2026</subfield>
  </datafield>
  <datafield tag="300" ind1=" " ind2=" ">
    <subfield code="a">pages cm</subfield>
  </datafield>
  <datafield tag="336" ind1=" " ind2=" ">
    <subfield code="a">texte</subfield>
    <subfield code="b">txt</subfield>
    <subfield code="2">rdacontent</subfield>
  </datafield>
  <datafield tag="337" ind1=" " ind2=" ">
    <subfield code="a">sans m&#xEF;&#xBF;&#xBD;diation</subfield>
    <subfield code="b">n</subfield>
    <subfield code="2">rdamedia</subfield>
  </datafield>
  <datafield tag="338" ind1=" " ind2=" ">
    <subfield code="a">volume</subfield>
    <subfield code="b">nc</subfield>
    <subfield code="2">rdacarrier</subfield>
  </datafield>
  <datafield tag="490" ind1="0" ind2=" ">
    <subfield code="a">Raconte-moi</subfield>
  </datafield>
  <datafield tag="500" ind1=" " ind2=" ">
    <subfield code="a">&#xEF;&#xBF;&#xBD;dition originale : 2023</subfield>
  </datafield>
  <datafield tag="506" ind1=" " ind2=" ">
    <subfield code="a">---- Ce titre n'est pas encore disponible sur le march&#xEF;&#xBF;&#xBD; ----</subfield>
  </datafield>
  <datafield tag="521" ind1=" " ind2=" ">
    <subfield code="a">Pour enfants de 8 ans et plus</subfield>
  </datafield>
  <datafield tag="600" ind1="1" ind2="6">
    <subfield code="a">Caufield, Cole,</subfield>
    <subfield code="d">2001-</subfield>
    <subfield code="v">Ouvrages pour la jeunesse</subfield>
  </datafield>
  <datafield tag="650" ind1=" " ind2="6">
    <subfield code="a">Joueurs de hockey</subfield>
    <subfield code="z">&#xEF;&#xBF;&#xBD;tats-Unis</subfield>
    <subfield code="v">Biographies</subfield>
    <subfield code="v">Ouvrages pour la jeunesse</subfield>
  </datafield>
  <datafield tag="655" ind1=" " ind2="7">
    <subfield code="a">Biographies</subfield>
    <subfield code="2">rvmgf</subfield>
  </datafield>
  <datafield tag="655" ind1=" " ind2="7">
    <subfield code="a">Livres documentaires pour la jeunesse</subfield>
    <subfield code="2">rvmgf</subfield>
  </datafield>
  <datafield tag="942" ind1=" " ind2=" ">
    <subfield code="2">ddc</subfield>
    <subfield code="c">DOC JEUNE</subfield>
  </datafield>
  <datafield tag="999" ind1=" " ind2=" ">
    <subfield code="c">18871</subfield>
    <subfield code="d">18871</subfield>
  </datafield>
  <datafield tag="952" ind1=" " ind2=" ">
    <subfield code="0">0</subfield>
    <subfield code="1">0</subfield>
    <subfield code="2">ddc</subfield>
    <subfield code="4">0</subfield>
    <subfield code="7">0</subfield>
    <subfield code="a">HENRYVILLE</subfield>
    <subfield code="b">HENRYVILLE</subfield>
    <subfield code="d">2026-05-30</subfield>
    <subfield code="l">0</subfield>
    <subfield code="o">J 927.969 C981g</subfield>
    <subfield code="p">30001030026886</subfield>
    <subfield code="r">2026-05-30 10:17:13</subfield>
    <subfield code="w">2026-05-30</subfield>
    <subfield code="y">DOC JEUNE</subfield>
  </datafield>
</record>
